[Event "Korosztályos Bajnokság u16l"]
[Site "Balatonlelle"]
[Date "2015.06.24"]
[Round "7.3"]
[White "Boa, Boglarka"]
[Black "Nemeth, Noemi Anna"]
[Result "1/2-1/2"]
[WhiteElo "1577"]
[BlackElo "1790"]
[PlyCount "127"]
[EventDate "2015.06.18"]
[EventType "tourn"]
[EventRounds "7"]
[EventCountry "HUN"]
[WhiteClock "0:12:33"]
[BlackClock "0:35:44"]

1. e4 e5 2. Nf3 Nc6 3. Bb5 a6 4. Ba4 Nf6 5. O-O Be7 6. Re1 b5 7. Bb3 d6 8. c3
O-O 9. d4 Bg4 10. d5 Na5 11. Bc2 Bxf3 12. Qxf3 Qd7 13. Nd2 c6 14. b4 Nb7 15.
Bb2 cxd5 16. exd5 Qg4 17. Qxg4 Nxg4 18. h3 Nf6 19. Bb3 a5 20. a3 Nd7 21. c4
bxc4 22. Nxc4 axb4 23. axb4 Rfb8 24. Rxa8 Rxa8 25. Ra1 Rb8 26. Ba4 Nf6 27. Bc6
Nd8 28. b5 Nxd5 29. Nxd6 Bxd6 30. Rd1 Bc7 31. Rxd5 Nxc6 32. bxc6 Rxb2 33. Rd7
Ba5 34. Ra7 f6 35. Rxa5 Rc2 36. Ra8+ Kf7 37. Ra7+ Kg6 38. Rc7 h5 39. Kf1 Kh6
40. Rc8 h4 41. c7 Kg5 42. g3 hxg3 43. fxg3 Kf5 44. Ke1 Ke4 45. Kd1 Rc4 46. Ke2
Rc5 47. g4 Rc6 48. h4 Kf4 49. g5 f5 50. h5 Kxg5 51. h6 Kg6 52. hxg7 Kxg7 53.
Re8 Rxc7 54. Rxe5 Kf6 55. Re8 Kg5 56. Kf3 Rc3+ 57. Kf2 Kf4 58. Ra8 Rc2+ 59. Kf1
Kg4 60. Ra4+ f4 61. Ra3 f3 62. Ra8 Rc4 63. Kf2 Rc2+ 64. Kf1 1/2-1/2

[Event "Korosztályos Bajnokság u16l"]
[Site "Balatonlelle"]
[Date "2015.06.24"]
[Round "7.4"]
[White "Kassay, Lilla"]
[Black "Koltai, Anna"]
[Result "1-0"]
[WhiteElo "1979"]
[BlackElo "1570"]
[PlyCount "53"]
[EventDate "2015.06.18"]
[EventType "tourn"]
[EventRounds "7"]
[EventCountry "HUN"]
[WhiteClock "0:16:57"]
[BlackClock "0:42:48"]

1. e4 c5 2. Nf3 a6 3. c4 e6 4. Nc3 Qc7 5. Be2 Nc6 6. d4 cxd4 7. Nxd4 Nf6 8. a3
Be7 9. Be3 O-O 10. O-O Rd8 11. f4 d6 12. Rc1 Bd7 13. b4 e5 14. Nb3 Qb8 15. f5
h6 16. Qd2 Rc8 17. Qd3 Nh7 18. Nd5 Bd8 19. Rfd1 Ne7 20. Bh5 f6 21. c5 Bb5 22.
Nxe7+ Bxe7 23. Qd5+ Kh8 24. cxd6 Rd8 25. Na5 b6 26. Nc6 Bxc6 27. Rxc6 1-0